[Event "European Online Chess Club Cup 2021 - G"]
[Site "Tornelo.com"]
[Date "2021.03.27"]
[Round "2.1"]
[White "Vaisser, Anatoly"]
[Black "Mamedov, Rauf"]
[Result "0-1"]
[WhiteElo "2501"]
[BlackElo "2654"]
[PlyCount "90"]
[EventDate "2021.03.27"]
[EventType "team"]
[EventRounds "9"]
[WhiteTeam "Asnieres le grand Echiquier B"]
[BlackTeam "Vugar Gashimov"]

1. d4 Nf6 2. c4 d6 3. Nc3 g6 4. e4 Bg7 5. f4 O-O 6. Nf3 Na6 7. Bd3 e5 8. fxe5
dxe5 9. d5 Qe7 10. O-O Nb4 11. Bg5 Qc5+ 12. Kh1 Ng4 13. Qe2 h6 14. Bh4 Qe3 15.
Bb1 a5 16. h3 Qxe2 17. Nxe2 Ne3 18. Rc1 f5 19. a3 fxe4 20. Bxe4 Bf5 21. Bxf5
Nxf5 22. Nc3 Nd3 23. Rc2 e4 24. Nxe4 Nxh4 25. Nxh4 Rf4 26. Nxg6 Rxe4 27. g4
Rae8 28. c5 Bxb2 29. Rd1 Re1+ 30. Rxe1 Rxe1+ 31. Kg2 Rd1 32. Kg3 Bxa3 33. d6
cxd6 34. c6 bxc6 35. Rxc6 Kf7 36. Nh4 Ne5 37. Rc7+ Ke6 38. Nf5 Bc1 39. Re7+ Kd5
40. Ra7 Rd3+ 41. Kg2 Ra3 42. Rc7 Bf4 43. Rb7 Ra2+ 44. Kf1 Ke4 45. Rb3 Nd3 0-1

[Event "European Online Chess Club Cup 2021 - G"]
[Site "Tornelo.com"]
[Date "2021.03.27"]
[Round "2.1"]
[White "Kryvoruchko, Yuriy"]
[Black "Banusz, Tamas"]
[Result "1-0"]
[WhiteElo "2699"]
[BlackElo "2631"]
[PlyCount "39"]
[EventDate "2021.03.27"]
[EventType "team"]
[EventRounds "9"]
[WhiteTeam "Greco-Notary Chess Team"]
[BlackTeam "SV 1930 Hockenheim"]

1. e4 e5 2. Nf3 Nc6 3. Nc3 Nf6 4. d4 exd4 5. Nxd4 Bb4 6. Nxc6 bxc6 7. Bd3 d5 8.
Bd2 O-O 9. O-O Re8 10. Re1 Rb8 11. a3 Bd6 12. h3 Rxb2 13. exd5 cxd5 14. Nb5 Ne4
15. Nxd6 Qxd6 16. Bb4 Qf6 17. Qf3 Bf5 18. Bxe4 dxe4 19. Bc3 Qc6 20. Qg3 1-0

[Event "European Online Chess Club Cup 2021 - G"]
[Site "Tornelo.com"]
[Date "2021.03.27"]
[Round "2.2"]
[White "Braun, Arik"]
[Black "Eljanov, Pavel"]
[Result "1/2-1/2"]
[WhiteElo "2609"]
[BlackElo "2672"]
[PlyCount "77"]
[EventDate "2021.03.27"]
[EventType "team"]
[EventRounds "9"]
[WhiteTeam "SV 1930 Hockenheim"]
[BlackTeam "Greco-Notary Chess Team"]

1. d4 Nf6 2. c4 e6 3. Nc3 Bb4 4. Bd2 O-O 5. Nf3 b6 6. e3 Bb7 7. Bd3 d5 8. O-O
dxc4 9. Bxc4 Nbd7 10. Qe2 c5 11. dxc5 Bxc5 12. Rfd1 a6 13. Rac1 Qb8 14. h3 Ne5
15. Nxe5 Qxe5 16. Na4 Bd6 17. f4 Qf5 18. Nxb6 Rab8 19. Be1 Bc5 20. Bd3 Be4 21.
Na4 Ba7 22. Kh2 h5 23. b3 Nd5 24. Bf2 Nxf4 25. exf4 Bxd3 26. Qxd3 Bxf2 27. Qxf5
exf5 28. g3 h4 29. gxh4 Rfe8 30. Kg2 Bxh4 31. Kf3 Re7 32. Nb2 Rbe8 33. Nc4 Re2
34. Rd2 Rxd2 35. Nxd2 Rd8 36. Ke2 Re8+ 37. Kf3 Rd8 38. Ke2 Re8+ 39. Kf3 1/2-1/2

[Event "European Online Chess Club Cup 2021 - G"]
[Site "Tornelo.com"]
[Date "2021.03.27"]
[Round "3.1"]
[White "Banusz, Tamas"]
[Black "Samani, Yamac"]
[Result "1-0"]
[WhiteElo "2631"]
[BlackElo "2246"]
[PlyCount "141"]
[EventDate "2021.03.27"]
[EventType "team"]
[EventRounds "9"]
[WhiteTeam "SV 1930 Hockenheim"]
[BlackTeam "Canakkale TSK"]

1. Nf3 Nf6 2. g3 b6 3. Bg2 Bb7 4. O-O e6 5. c4 Be7 6. d4 O-O 7. Nc3 Ne4 8. Bd2
d6 9. Qc2 Nxd2 10. Qxd2 Nd7 11. Rfd1 Bf6 12. b4 Qe7 13. Rac1 a5 14. b5 g6 15.
Ne1 Bxg2 16. Kxg2 Bg7 17. e3 f5 18. Qe2 Nf6 19. e4 fxe4 20. Nxe4 Nxe4 21. Qxe4
Rae8 22. Rc2 Qf7 23. Nf3 Qf5 24. Re2 Qxe4 25. Rxe4 d5 26. Re2 dxc4 27. Rc1 Rf5
28. a4 Ref8 29. Ne5 Bxe5 30. dxe5 Rd8 31. Rxc4 Rd7 32. h4 Rff7 33. Rec2 Kg7 34.
f4 h5 35. R2c3 Kf8 36. Rc6 Rfe7 37. Kf3 Ke8 38. g4 Kd8 39. gxh5 gxh5 40. Ke4
Rd1 41. Rd3+ Rxd3 42. Kxd3 Kd7 43. f5 exf5 44. Kd4 Rg7 45. e6+ Kd8 46. Ke5 f4
47. Kf6 Rh7 48. Rc4 Rh6+ 49. Kf7 Rh7+ 50. Kf6 Rh6+ 51. Ke5 f3 52. Rf4 Rg6 53.
Rxf3 Rg4 54. Rf4 Rg1 55. Kf6 Ke8 56. Rf5 Rg4 57. Rxh5 Rf4+ 58. Ke5 Rxa4 59.
Rh8+ Ke7 60. Rh7+ Kd8 61. h5 Rb4 62. h6 a4 63. Rh8+ Ke7 64. h7 Rxb5+ 65. Kd4
Rh5 66. Rc8 Kxe6 67. h8=Q Rxh8 68. Rxh8 Kd7 69. Kc4 Kc6 70. Kb4 Kb7 71. Kxa4
1-0

[Event "European Online Chess Club Cup 2021 - G"]
[Site "Tornelo.com"]
[Date "2021.03.27"]
[Round "3.2"]
[White "Agdelen, Huseyin Can"]
[Black "Braun, Arik"]
[Result "1/2-1/2"]
[WhiteElo "2206"]
[BlackElo "2609"]
[PlyCount "66"]
[EventDate "2021.03.27"]
[EventType "team"]
[EventRounds "9"]
[WhiteTeam "Canakkale TSK"]
[BlackTeam "SV 1930 Hockenheim"]

1. e4 c6 2. Nc3 d5 3. Nf3 a6 4. d4 Bg4 5. h3 Bh5 6. Be2 e6 7. O-O Nf6 8. Ne5
Bxe2 9. Qxe2 Bb4 10. exd5 cxd5 11. Nd1 Nc6 12. c3 Be7 13. f4 Ne4 14. Qg4 O-O
15. Nf2 f5 16. Qf3 Nxe5 17. fxe5 b5 18. Nxe4 dxe4 19. Qd1 Qd5 20. Qb3 g5 21.
Qd1 Rf7 22. a4 Rg7 23. axb5 axb5 24. Rxa8+ Qxa8 25. Qb3 f4 26. Qxe6+ Kh8 27. d5
Bc5+ 28. Kh1 e3 29. b4 Bf8 30. Qf6 Kg8 31. Qe6+ Kh8 32. Qf6 Be7 33. Qe6 Bf8
1/2-1/2

[Event "European Online Chess Club Cup 2021 - G"]
[Site "Tornelo.com"]
[Date "2021.03.27"]
[Round "3.3"]
[White "Wagner, Dennis"]
[Black "Sertbay, Huseyin"]
[Result "1-0"]
[WhiteElo "2581"]
[BlackElo "2101"]
[PlyCount "93"]
[EventDate "2021.03.27"]
[EventType "team"]
[EventRounds "9"]
[WhiteTeam "SV 1930 Hockenheim"]
[BlackTeam "Canakkale TSK"]

1. d4 Nf6 2. c4 c5 3. d5 e5 4. Nc3 d6 5. e4 Nbd7 6. Bd3 Be7 7. Nge2 Nf8 8. Ng3
g6 9. O-O N8d7 10. Bh6 Bf8 11. Be3 h5 12. f3 Bh6 13. Bxh6 Rxh6 14. Qd2 Rh8 15.
Rf2 a6 16. a3 Kf8 17. Nf1 Kg7 18. h4 Nh7 19. g3 Ndf6 20. Ne3 Ng8 21. b4 b6 22.
f4 exf4 23. Rxf4 Ngf6 24. Raf1 Ra7 25. Qb2 Re8 26. Na4 Re5 27. bxc5 bxc5 28.
Nxc5 Bh3 29. R1f2 Qa5 30. Nb3 Qe1+ 31. Nf1 Bxf1 32. Bxf1 Ng4 33. R2f3 Rb7 34.
c5 Ne3 35. cxd6 f6 36. Rxf6 Nc4 37. Qd4 Nxf6 38. Nc5 Nd2 39. Rf2 Nxf1 40. Nd3
Qd1 41. Rxf1 Qg4 42. Qxe5 Rf7 43. Nc5 Qe2 44. Ne6+ Kg8 45. Qg5 Qxe4 46. Rxf6
Qd4+ 47. Nxd4 1-0

[Event "European Online Chess Club Cup 2021 - G"]
[Site "Tornelo.com"]
[Date "2021.03.27"]
[Round "3.4"]
[White "Atasoy, Ata"]
[Black "Buhmann, Rainer"]
[Result "0-1"]
[WhiteElo "1636"]
[BlackElo "2580"]
[PlyCount "70"]
[EventDate "2021.03.27"]
[EventType "team"]
[EventRounds "9"]
[WhiteTeam "Canakkale TSK"]
[BlackTeam "SV 1930 Hockenheim"]

1. e4 e5 2. Nf3 Nc6 3. Bb5 a6 4. Bxc6 dxc6 5. O-O Bd6 6. d4 exd4 7. Qxd4 f6 8.
Re1 Ne7 9. h3 O-O 10. c4 c5 11. Qd1 Ng6 12. Nc3 Be6 13. b3 Qd7 14. Re3 Rad8 15.
Bb2 b5 16. cxb5 axb5 17. Qf1 c4 18. Ne2 c5 19. Ng3 Bf4 20. Ree1 cxb3 21. Red1
Qc6 22. axb3 Bxb3 23. Rxd8 Rxd8 24. Ra7 Bb8 25. Ra1 Bc4 26. Qe1 Re8 27. Nd2 Bf7
28. Nf5 Be6 29. Ne3 Nf4 30. Qd1 Qd6 31. Bc1 Ne2+ 32. Kf1 Nxc1 33. Qxc1 c4 34.
Nf3 b4 35. Nxc4 Qd3+ 0-1

[Event "European Online Chess Club Cup 2021 - G"]
[Site "Tornelo.com"]
[Date "2021.03.27"]
[Round "3.1"]
[White "Mamedov, Rauf"]
[Black "Kryvoruchko, Yuriy"]
[Result "1/2-1/2"]
[WhiteElo "2654"]
[BlackElo "2699"]
[PlyCount "67"]
[EventDate "2021.03.27"]
[EventType "team"]
[EventRounds "9"]
[WhiteTeam "Vugar Gashimov"]
[BlackTeam "Greco-Notary Chess Team"]

1. Nf3 Nf6 2. g3 d5 3. Bg2 e6 4. d3 Be7 5. Nbd2 Nc6 6. O-O O-O 7. e4 dxe4 8.
dxe4 e5 9. Nc4 Qxd1 10. Rxd1 Nxe4 11. Nfxe5 Nxe5 12. Nxe5 Nd6 13. Nd3 Bf5 14.
Bf4 Bf6 15. Bxd6 cxd6 16. c3 Rae8 17. Nf4 g5 18. Nd5 Bd8 19. Ne3 Bc8 20. Rxd6
f5 21. Re1 f4 22. Nc2 Bf5 23. Bd5+ Kh8 24. Rxe8 Rxe8 25. Nd4 Bh3 26. Be6 Bc7
27. Rd7 Bxe6 28. Nxe6 Rxe6 29. Rxc7 f3 30. Kf1 Rd6 31. Ke1 Re6+ 32. Kf1 Rd6 33.
Ke1 Re6+ 34. Kf1 1/2-1/2

[Event "European Online Chess Club Cup 2021 - G"]
[Site "Tornelo.com"]
[Date "2021.03.27"]
[Round "3.2"]
[White "Eljanov, Pavel"]
[Black "Asadli, Vugar"]
[Result "1/2-1/2"]
[WhiteElo "2672"]
[BlackElo "2572"]
[PlyCount "91"]
[EventDate "2021.03.27"]
[EventType "team"]
[EventRounds "9"]
[WhiteTeam "Greco-Notary Chess Team"]
[BlackTeam "Vugar Gashimov"]

1. Nf3 Nf6 2. c4 c6 3. d4 d5 4. e3 Bf5 5. Nc3 e6 6. Nh4 Be4 7. f3 Bg6 8. Qb3
Qc7 9. Bd2 Nbd7 10. cxd5 exd5 11. O-O-O O-O-O 12. e4 dxe4 13. Nxg6 hxg6 14.
fxe4 Nb6 15. Be3 Ng4 16. Bg1 Qf4+ 17. Kb1 Nf2 18. g3 Qf3 19. Bxf2 Qxf2 20. Be2
f6 21. Qc2 Kb8 22. Bg4 Qxc2+ 23. Kxc2 Nc4 24. Rd3 c5 25. Be6 Nb6 26. dxc5 Rxd3
27. Kxd3 Bxc5 28. h4 Bd6 29. g4 Be5 30. b3 Bxc3 31. Kxc3 Re8 32. Bf7 Rxe4 33.
g5 fxg5 34. hxg5 Rg4 35. Rh8+ Kc7 36. Rg8 Rxg5 37. Rxg7 Rg3+ 38. Kb2 g5 39.
Bd5+ Kd6 40. Bxb7 a5 41. Rg6+ Kc7 42. Be4 Nd7 43. Ra6 Re3 44. Bd5 Re5 45. Bf3
Nc5 46. Rg6 1/2-1/2

[Event "European Online Chess Club Cup 2021 - G"]
[Site "Tornelo.com"]
[Date "2021.03.27"]
[Round "3.3"]
[White "Suleymanli, Aydin"]
[Black "Kuzubov, Yuriy"]
[Result "0-1"]
[WhiteElo "2512"]
[BlackElo "2642"]
[PlyCount "78"]
[EventDate "2021.03.27"]
[EventType "team"]
[EventRounds "9"]
[WhiteTeam "Vugar Gashimov"]
[BlackTeam "Greco-Notary Chess Team"]

1. d4 Nf6 2. c4 e6 3. Nc3 Bb4 4. f3 d5 5. a3 Bxc3+ 6. bxc3 c5 7. cxd5 Nxd5 8.
dxc5 Qa5 9. e4 Ne7 10. Be3 O-O 11. Qb3 Nbc6 12. Nh3 e5 13. Ng5 Ng6 14. Bc4 Qc7
15. Rd1 Na5 16. Qa2 Nxc4 17. Qxc4 h6 18. Nh3 Be6 19. Qe2 b6 20. Nf2 bxc5 21.
Qb5 Rfc8 22. Nd3 Nf4 23. Bxf4 exf4 24. Nc1 Rab8 25. Qa4 Rb2 26. O-O c4 27. Rd4
Qc5 28. Kh1 Rcb8 29. Rfd1 Kh7 30. Qa6 Rc2 31. e5 Qxe5 32. Re4 Qxc3 33. Ne2 Qf6
34. Nxf4 Rbb2 35. Nxe6 fxe6 36. Rg1 Qg5 37. Rg4 Qe3 38. Qc6 Qxg1+ 39. Kxg1 Rc1#
0-1

[Event "European Online Chess Club Cup 2021 - G"]
[Site "Tornelo.com"]
[Date "2021.03.27"]
[Round "3.4"]
[White "Baklan, Vladimir"]
[Black "Ahmadzada, Ahmad"]
[Result "1-0"]
[WhiteElo "2587"]
[BlackElo "2431"]
[PlyCount "105"]
[EventDate "2021.03.27"]
[EventType "team"]
[EventRounds "9"]
[WhiteTeam "Greco-Notary Chess Team"]
[BlackTeam "Vugar Gashimov"]

1. e4 c5 2. Nf3 e6 3. d4 cxd4 4. Nxd4 Nf6 5. Nc3 d6 6. g3 Be7 7. Bg2 O-O 8. O-O
Nc6 9. Nb3 Qc7 10. a4 b6 11. Nb5 Qd7 12. Qe2 a6 13. e5 dxe5 14. Rd1 Qb7 15. Bg5
Nd5 16. c4 Bxg5 17. cxd5 exd5 18. Nd6 Qe7 19. Bxd5 Be6 20. Bxc6 Bxb3 21. Bxa8
Bxd1 22. Rxd1 Rxa8 23. h4 Bf6 24. Ne4 Rd8 25. Rxd8+ Qxd8 26. Qxa6 Be7 27. Qc4
Kf8 28. Kg2 g6 29. b3 Qa8 30. Kg1 Qd8 31. Ng5 Bxg5 32. hxg5 Kg7 33. Qb5 e4 34.
Qe5+ Kg8 35. Qxe4 Qd1+ 36. Kg2 Qxb3 37. Qe8+ Kg7 38. Qe5+ Kf8 39. Qd6+ Ke8 40.
Qb8+ Ke7 41. Qb7+ Kd6 42. a5 Qd5+ 43. Qxd5+ Kxd5 44. axb6 Kc6 45. Kf3 Kxb6 46.
Ke4 Kc6 47. Ke5 Kd7 48. Kf6 Ke8 49. Kg7 Ke7 50. f4 Ke6 51. Kxh7 Ke7 52. Kg7 Ke8
53. g4 1-0

[Event "European Online Chess Club Cup 2021 - G"]
[Site "Tornelo.com"]
[Date "2021.03.27"]
[Round "3.1"]
[White "Nagy, Gabor"]
[Black "Vaisser, Anatoly"]
[Result "0-1"]
[WhiteElo "2516"]
[BlackElo "2501"]
[PlyCount "86"]
[EventDate "2021.03.27"]
[EventType "team"]
[EventRounds "9"]
[WhiteTeam "KSK Rochade Eupen"]
[BlackTeam "Asnieres le grand Echiquier B"]

1. Nf3 f5 2. d4 Nf6 3. c4 e6 4. Nc3 d5 5. Bf4 c6 6. e3 Bd6 7. Bd3 O-O 8. O-O
Ne4 9. Qc2 Qe7 10. Rfe1 Nd7 11. c5 Bb8 12. b4 e5 13. Nxe5 Nxe5 14. Bxe5 Bxe5
15. dxe5 Qxe5 16. Ne2 Bd7 17. f4 Qf6 18. Bxe4 fxe4 19. Qc3 Qh4 20. Red1 a6 21.
Nd4 Rf6 22. Qe1 Qh5 23. Ne2 Rh6 24. h3 Rf8 25. Rd2 Rff6 26. Ng3 Qf7 27. Rad1
Qe7 28. a4 Rfg6 29. f5 Rg5 30. Qf2 Qe5 31. Kh2 Rxf5 32. Qe1 Rg6 33. b5 axb5 34.
axb5 Rfg5 35. bxc6 bxc6 36. Ra1 Rxg3 37. Ra8+ Kf7 38. Kh1 Bxh3 39. Ra7+ Ke6 40.
Qf1 Bxg2+ 41. Rxg2 Qh5+ 42. Rh2 Qf3+ 43. Qxf3 Rg1# 0-1

[Event "European Online Chess Club Cup 2021 - G"]
[Site "Tornelo.com"]
[Date "2021.03.27"]
[Round "3.2"]
[White "Roux, Olivier"]
[Black "Mihok, Oliver"]
[Result "0-1"]
[WhiteElo "2156"]
[BlackElo "2547"]
[PlyCount "86"]
[EventDate "2021.03.27"]
[EventType "team"]
[EventRounds "9"]
[WhiteTeam "Asnieres le grand Echiquier B"]
[BlackTeam "KSK Rochade Eupen"]

1. e4 c5 2. Nf3 e6 3. d4 cxd4 4. Nxd4 Nc6 5. Nc3 Qc7 6. g3 a6 7. Bg2 Nf6 8. O-O
Nxd4 9. Qxd4 Bc5 10. Bf4 d6 11. Qd3 Ng4 12. Qe2 Ne5 13. Nd1 b5 14. Ne3 Bb7 15.
Bxe5 dxe5 16. c3 O-O 17. Rfd1 Bc6 18. Rd3 Qb7 19. Nc2 f5 20. Rad1 fxe4 21. Re3
Bxe3 22. Qxe3 Rad8 23. Re1 Rd3 24. Qe2 Qd7 25. Bxe4 Rd2 26. Bxc6 Rxe2 27. Bxd7
Rxc2 28. Bxe6+ Kh8 29. Bb3 Rcxf2 30. Rxe5 Rxb2 31. c4 bxc4 32. Bxc4 g6 33. Bxa6
Rxa2 34. Bc4 Rc2 35. Re4 Rff2 36. Rh4 Rg2+ 37. Kh1 g5 38. Rg4 Rxh2+ 39. Kg1
Rhg2+ 40. Kf1 Rgd2 41. Ke1 Rh2 42. Rd4 Rc1+ 43. Rd1 Rxc4 0-1

[Event "European Online Chess Club Cup 2021 - G"]
[Site "Tornelo.com"]
[Date "2021.03.27"]
[Round "3.3"]
[White "Glek, Igor"]
[Black "Kirszenberg, Marc"]
[Result "1/2-1/2"]
[WhiteElo "2475"]
[BlackElo "2130"]
[PlyCount "132"]
[EventDate "2021.03.27"]
[EventType "team"]
[EventRounds "9"]
[WhiteTeam "KSK Rochade Eupen"]
[BlackTeam "Asnieres le grand Echiquier B"]

1. e4 c6 2. c4 d5 3. cxd5 cxd5 4. exd5 Nf6 5. Nc3 Nxd5 6. Nf3 e6 7. Bc4 Be7 8.
O-O O-O 9. d4 Nc6 10. Re1 Bf6 11. Ne4 Nce7 12. Bb3 Bd7 13. Nxf6+ Nxf6 14. Bg5
Bc6 15. Ne5 Nf5 16. Ng4 Qxd4 17. Qxd4 Nxd4 18. Nxf6+ gxf6 19. Bxf6 Nxb3 20. Re3
h5 21. axb3 Kh7 22. h4 Rg8 23. g3 Bd5 24. b4 a6 25. Bc3 f5 26. f4 Rac8 27. Rd1
Rc4 28. Kf2 Rgc8 29. Re5 Kg6 30. Ke3 R8c6 31. Kf2 Rc7 32. Ra1 Rxc3 33. bxc3
Rxc3 34. Re3 Rc2+ 35. Ke1 Rb2 36. Ra4 Kf6 37. Rc3 Bc6 38. Rxc6 bxc6 39. Rxa6
Rxb4 40. Rxc6 Rb2 41. Kf1 Ra2 42. Rc7 Rb2 43. Rc8 Ra2 44. Rf8+ Kg7 45. Rd8 Rb2
46. Re8 Kf7 47. Rh8 Kg6 48. Rg8+ Kh6 49. Re8 Rb6 50. Ke2 Kg6 51. Ke3 Rb3+ 52.
Kd4 Kf7 53. Rh8 Rxg3 54. Rxh5 Rg4 55. Ke3 Kg6 56. Rh8 Kg7 57. Re8 Kf7 58. Rh8
Kg7 59. Rh5 Kg6 60. Rg5+ Rxg5 61. hxg5 e5 62. fxe5 Kxg5 63. Kd4 f4 64. e6 Kf6
65. Ke4 f3 66. Kxf3 Kxe6 1/2-1/2

[Event "European Online Chess Club Cup 2021 - G"]
[Site "Tornelo.com"]
[Date "2021.03.27"]
[Round "3.4"]
[White "Marek, Yves"]
[Black "Meessen, Rudolf"]
[Result "0-1"]
[WhiteElo "2099"]
[BlackElo "2223"]
[PlyCount "68"]
[EventDate "2021.03.27"]
[EventType "team"]
[EventRounds "9"]
[WhiteTeam "Asnieres le grand Echiquier B"]
[BlackTeam "KSK Rochade Eupen"]

1. d4 g6 2. e4 Bg7 3. c4 Nc6 4. Ne2 e5 5. d5 Nd4 6. Be3 c5 7. dxc6 dxc6 8. Nbc3
Ne7 9. Qd2 Be6 10. O-O-O Bxc4 11. Nxd4 Bxf1 12. Rhxf1 exd4 13. Bxd4 O-O 14.
Bxg7 Kxg7 15. Qe3 Qc7 16. f4 f5 17. Qd4+ Kg8 18. Qc4+ Rf7 19. e5 Nc8 20. e6 Re7
21. Rd7 Qb6 22. Re1 Qf2 23. Re2 Qf1+ 24. Kc2 Nb6 25. Qd4 Nxd7 26. Qd6 Rae8 27.
exd7 Rxe2+ 28. Kb3 Rd8 29. Qc7 Rxb2+ 30. Kxb2 Qf2+ 31. Ka3 Qc5+ 32. Ka4 Qc4+
33. Ka3 Qxc3+ 34. Ka4 b5# 0-1

[Event "European Online Chess Club Cup 2021 - G"]
[Site "Tornelo.com"]
[Date "2021.03.27"]
[Round "3.1"]
[White "Parvanyan, Ashot"]
[Black "Manik, Mikulas"]
[Result "1-0"]
[WhiteElo "2436"]
[BlackElo "2353"]
[PlyCount "55"]
[EventDate "2021.03.27"]
[EventType "team"]
[EventRounds "9"]
[WhiteTeam "SK Doppelbauer Kiel von 1910 e.V."]
[BlackTeam "SK Prakovce"]

1. Nf3 Nf6 2. c4 d6 3. d4 g6 4. Nc3 Bg7 5. e4 O-O 6. h3 e5 7. d5 a5 8. g4 Na6
9. Be3 Nd7 10. a3 Nb6 11. Rg1 c6 12. Nd2 Bd7 13. Be2 cxd5 14. cxd5 Nc5 15. Rc1
a4 16. Nb5 Bxb5 17. Bxb5 Kh8 18. Qe2 Rc8 19. Rc3 f5 20. gxf5 gxf5 21. Bg5 Bf6
22. Rcg3 fxe4 23. Nxe4 Nxe4 24. Qxe4 Bxg5 25. Rxg5 Qf6 26. Qxh7+ Kxh7 27. Rh5+
Qh6 28. Bd3+ 1-0

[Event "European Online Chess Club Cup 2021 - G"]
[Site "Tornelo.com"]
[Date "2021.03.27"]
[Round "3.2"]
[White "Danada, Tomas"]
[Black "Olsen, Filip Boe"]
[Result "1-0"]
[WhiteElo "2321"]
[BlackElo "2379"]
[PlyCount "99"]
[EventDate "2021.03.27"]
[EventType "team"]
[EventRounds "9"]
[WhiteTeam "SK Prakovce"]
[BlackTeam "SK Doppelbauer Kiel von 1910 e.V."]

1. d4 Nf6 2. c4 e6 3. Nf3 d5 4. Nc3 c6 5. g3 Nbd7 6. Bg2 dxc4 7. O-O Be7 8. e4
O-O 9. a4 Rb8 10. Qe2 b5 11. axb5 cxb5 12. e5 Nd5 13. Nxd5 exd5 14. e6 fxe6 15.
Qxe6+ Kh8 16. Rxa7 Rb7 17. Rxb7 Bxb7 18. Re1 Bf6 19. Bf4 Nb6 20. Ne5 Bxe5 21.
Bxe5 Nc8 22. h4 b4 23. f4 Qb6 24. Qxb6 Nxb6 25. Bd6 Ra8 26. Bxb4 Na4 27. Re7
Bc6 28. Rc7 Be8 29. Bf8 Rd8 30. Bxg7+ Kg8 31. Bf6 Rd6 32. Be7 Rd7 33. Rxd7 Bxd7
34. Bxd5+ Kg7 35. Bxc4 Nxb2 36. Bd5 Nd1 37. Bd6 Nc3 38. Be5+ Kg6 39. Bf3 Be6
40. g4 Bc4 41. Kf2 Nd5 42. f5+ Kf7 43. Bxd5+ Bxd5 44. Ke3 Bc6 45. Kf4 Bd5 46.
g5 Bc6 47. h5 Bd5 48. g6+ hxg6 49. fxg6+ Ke7 50. h6 1-0

[Event "European Online Chess Club Cup 2021 - G"]
[Site "Tornelo.com"]
[Date "2021.03.27"]
[Round "3.3"]
[White "Pajeken, Jakob Leon"]
[Black "Zambor, Norbert"]
[Result "1-0"]
[WhiteElo "2323"]
[BlackElo "2260"]
[PlyCount "175"]
[EventDate "2021.03.27"]
[EventType "team"]
[EventRounds "9"]
[WhiteTeam "SK Doppelbauer Kiel von 1910 e.V."]
[BlackTeam "SK Prakovce"]

1. d4 Nf6 2. Nf3 e6 3. Bf4 c5 4. e3 d5 5. c3 Bd6 6. Bb5+ Nc6 7. Bxc6+ bxc6 8.
Bxd6 Qxd6 9. Qa4 Nd7 10. Qa3 Qe7 11. O-O c4 12. b3 Qxa3 13. Nxa3 cxb3 14. axb3
O-O 15. Nc2 c5 16. Ra5 cxd4 17. exd4 Rb8 18. Nb4 a6 19. Nd2 Rb6 20. Rfa1 Nb8
21. Nd3 Nc6 22. R5a4 f6 23. b4 e5 24. Nb3 Re8 25. dxe5 fxe5 26. Nbc5 d4 27.
cxd4 exd4 28. Kf1 h6 29. Nxa6 Bf5 30. Nac5 Ne5 31. Re1 Bxd3+ 32. Nxd3 Rbe6 33.
Rxe5 Rxe5 34. Nxe5 Rxe5 35. Ra8+ Kf7 36. Rd8 Re4 37. f3 Rf4 38. b5 Ke7 39. Rg8
Kf7 40. Ra8 d3 41. Rd8 Rf5 42. b6 Rb5 43. Rxd3 Rxb6 44. Kf2 Kf6 45. Kg3 g5 46.
h4 Kg6 47. Ra3 Rf6 48. Kh3 Kg7 49. Ra5 Kg6 50. Ra8 Kg7 51. Kg3 Rc6 52. h5 Rd6
53. Ra7+ Kf6 54. Rh7 Kf5 55. Rf7+ Ke6 56. Rg7 Kf5 57. Rg8 Rf6 58. Kf2 Ke5 59.
Ke3 Re6 60. Kf2 Rf6 61. Re8+ Kd6 62. Ke3 Kd7 63. Re4 Kd6 64. g3 Kd5 65. Re8 Kd6
66. Ke4 Kd7 67. Re5 Kd6 68. f4 gxf4 69. gxf4 Kd7 70. Ra5 Ke7 71. Ra7+ Kf8 72.
Ke5 Rb6 73. f5 Rc6 74. Rd7 Rb6 75. Rd6 Rb5+ 76. Kf6 Ke8 77. Kg6 Ke7 78. Re6+
Kd7 79. Re1 Rb6+ 80. f6 Rc6 81. Kg7 Rc5 82. Kxh6 Rc2 83. Kg6 Rg2+ 84. Kf7 Rh2
85. Re5 Kd6 86. Rg5 Rh1 87. Kg7 Ke6 88. f7 1-0

[Event "European Online Chess Club Cup 2021 - G"]
[Site "Tornelo.com"]
[Date "2021.03.27"]
[Round "3.4"]
[White "Kusiak, Matej"]
[Black "Arndt, Magnus"]
[Result "1/2-1/2"]
[WhiteElo "2251"]
[BlackElo "2282"]
[PlyCount "250"]
[EventDate "2021.03.27"]
[EventType "team"]
[EventRounds "9"]
[WhiteTeam "SK Prakovce"]
[BlackTeam "SK Doppelbauer Kiel von 1910 e.V."]

1. e4 e5 2. Nf3 Nc6 3. Nc3 Nf6 4. Bb5 Bd6 5. Bxc6 dxc6 6. h3 c5 7. d3 Nd7 8.
O-O Nf8 9. Be3 Ne6 10. Ne2 O-O 11. Nh2 f6 12. Ng3 Nf4 13. Nh5 Qe8 14. Nxf4 exf4
15. Bd2 Qg6 16. Kh1 c4 17. Qf3 cxd3 18. cxd3 f5 19. e5 Be7 20. Bxf4 Rd8 21.
Rfd1 Be6 22. d4 Bd5 23. Qg3 Qh5 24. Nf3 h6 25. Ne1 Kh7 26. Kg1 g5 27. Bd2 Rg8
28. Nd3 Rad8 29. Bb4 Qf7 30. e6 Bxe6 31. Qxc7 Rd7 32. Qc3 Bf6 33. Ne5 Bxe5 34.
dxe5 Rxd1+ 35. Rxd1 g4 36. h4 f4 37. Qd3+ Kh8 38. g3 a6 39. Qe4 fxg3 40. fxg3
Rc8 41. Rf1 Qh7 42. Qxh7+ Kxh7 43. Bc3 Kg7 44. a3 Rf8 45. Rd1 Rf3 46. Kg2 Kf7
47. Rd8 Ke7 48. Rd2 Rf5 49. Rd1 Bd7 50. Rf1 Bc6+ 51. Kg1 Rf3 52. Rf2 Rxg3+ 53.
Kf1 Rh3 54. Rf6 Rxh4 55. Bb4+ Ke8 56. e6 Rh1+ 57. Ke2 Bb5+ 58. Kd2 Kd8 59. Bd6
Rf1 60. Rxh6 Rf2+ 61. Ke3 Re2+ 62. Kf4 Bc6 63. Kxg4 b5 64. Kf5 Rf2+ 65. Ke5
Re2+ 66. Kd4 Be8 67. b4 Re1 68. Bc5 Rd1+ 69. Kc3 Re1 70. e7+ Kc8 71. Rxa6 Kd7
72. Rd6+ Kc7 73. Rd8 Bc6 74. Bd6+ Kb7 75. Kd4 Re4+ 76. Kd3 Re1 77. Kd2 Re4 78.
Kd3 Re1 79. Kc2 Re2+ 80. Kd1 Re4 81. Bc5 Re6 82. Kd2 Re4 83. Kd3 Re6 84. Rf8
Kc7 85. Rd8 Kb7 86. Rd6 Re1 87. Rd4 Re6 88. Kd2 Re5 89. Bd6 Re6 90. Kc3 Re3+
91. Rd3 Re6 92. Bc5 Re4 93. Re3 Rxe3+ 94. Bxe3 Be8 95. Kd4 Kc6 96. Ke5 Kd7 97.
Bc5 Kc6 98. Ke6 Bh5 99. Ke5 Be8 100. Kd4 Kb7 101. Kd5 Kc7 102. Be3 Kd7 103. Bg5
Kc7 104. Kc5 Bd7 105. Bf4+ Kb7 106. Bd6 Be8 107. Be5 Bd7 108. Kd6 Be8 109. Bd4
Kc8 110. Bb6 Kb7 111. Ba5 Kc8 112. Bd8 Kb7 113. Kd5 Kc8 114. Bb6 Kb7 115. Ba5
Kc8 116. Kc5 Kb7 117. Kd6 Kc8 118. Bb6 Kb7 119. Bc5 Kc8 120. Kd5 Kb7 121. a4
bxa4 122. Kc4 Ka6 123. Kc3 Kb5 124. Kb2 Kc4 125. Ka3 Kb5 1/2-1/2

[Event "European Online Chess Club Cup 2021 - G"]
[Site "Tornelo.com"]
[Date "2021.03.27"]
[Round "3.1"]
[White "Vasli, Aref"]
[Black "Sabuk, Piotr"]
[Result "1-0"]
[WhiteElo "2384"]
[BlackElo "2366"]
[PlyCount "63"]
[EventDate "2021.03.27"]
[EventType "team"]
[EventRounds "9"]
[WhiteTeam "Bronshoj Skakforening"]
[BlackTeam "Echiquier de Franconville"]

1. e4 e5 2. Nf3 Nc6 3. Bb5 a6 4. Ba4 Nf6 5. O-O Be7 6. Re1 b5 7. Bb3 d6 8. c3
O-O 9. h3 Re8 10. Ng5 Rf8 11. Nf3 Re8 12. d4 Bb7 13. Nbd2 Bf8 14. Bc2 g6 15. a4
exd4 16. cxd4 Nb4 17. Bb1 c5 18. d5 Bg7 19. Ra3 Nd7 20. Nf1 Nb6 21. axb5 axb5
22. Ne3 Ba6 23. Ng4 Nc4 24. Rb3 Ra7 25. Nh6+ Kh8 26. Rxb4 cxb4 27. Nd4 Bb7 28.
Nxf7+ Kg8 29. Nxd8 Rxd8 30. Ne6 Re8 31. Nxg7 Kxg7 32. Qd4+ 1-0